000 00445nam a22001817a 4500
003 MPLRDC
005 20220104114711.0
008 210129b ||||| |||| 00| 0 eng d
020 _a7-303-02065-9
082 _a857.44 GAXY v.4
100 _a佚名
245 _a圣朝鼎盛万年青
_c
250 _a一版一刷
260 _a
_b北京师范大学出版社
_c1993
300 _b
650 _a章回小说
942 _cBK
_o857.44 GAXY v.4
999 _c9536
_d9526